00329nam a2200109Ia 45000010005000000080041000050820032000461000075000782600024001539010027001779990015002044183241024s9999 xx 000 0 und d aRD/004.6/R426i/1996-2000/11 aRepública Dominicana.Secretaría de Estado de Educación y Cultura bSanto Domingoc2016 a18/8/2016 3:37:25 p.m. c9990d9990